000 00521nam a2200169Ia 4500
008 240729s9999 xx 000 0 und d
022 _a2010-1333
245 0 _aInternational Journal of Air-Conditioning and Refrigeration
260 _aSingapore
260 _bSpringer
650 _a Chemical technology
650 _a Low temperature engineering. Cryogenic engineering. Refrigeration
650 _aTechnology
856 _uhttps://doaj.org/toc/5cb9c04048444fc1880629c7bc12fb74
942 _2ddc
942 _cDOAJEJ
999 _c73992
_d73992
945 _a1
_bMadushi Gamage
_c1
_dMadushi Gamage